ایک سمپورن انمسان کی گاتھ / (Record no. 106083)

MARC details
000 -LEADER
fixed length control field 00848nam a22002537a 4500
005 - DATE AND TIME OF LATEST TRANSACTION
control field 20170123162302.0
010 ## - LIBRARY OF CONGRESS CONTROL NUMBER
LC control number B-122787
020 ## - INTERNATIONAL STANDARD BOOK NUMBER
Terms of availability 150.00
International Standard Book Number 8180420787
035 ## - SYSTEM CONTROL NUMBER
System control number B-122787
037 ## - SOURCE OF ACQUISITION
Source of stock number/acquisition Cen Lib/Ret
040 ## - CATALOGING SOURCE
Original cataloging agency DPL
Language of cataloging UR
082 ## - DEWEY DECIMAL CLASSIFICATION NUMBER
Classification number ک
Item number ا خ ت
100 ## - MAIN ENTRY--PERSONAL NAME
Personal name اختر آزاد
9 (RLIN) 140054
245 ## - TITLE STATEMENT
Title ایک سمپورن انمسان کی گاتھ /
Statement of responsibility, etc اختر آزاد
246 ## - VARYING FORM OF TITLE
Title proper/short title Ek sampoorna insaan ki Gatha
Remainder of title by Akhtar Azaad
260 ## - PUBLICATION, DISTRIBUTION, ETC. (IMPRINT)
Place of publication, distribution, etc نئی دہلی
Name of publisher, distributor, etc ماڈرن پبلشنگ ہاؤس
Date of publication, distribution, etc 1989
270 ## - ADDRESS
Address گولہ مارکیٹ دریاگنج
City نئی دہلی
Postal code 110002
300 ## - PHYSICAL DESCRIPTION
Extent 128p.
Dimensions 20cm(Hb)
650 ## - SUBJECT ADDED ENTRY--TOPICAL TERM
Topical term or geographic name as entry element اردو ادب
9 (RLIN) 140055
650 ## - SUBJECT ADDED ENTRY--TOPICAL TERM
Topical term or geographic name as entry element اردو افسانے
9 (RLIN) 140056
650 ## - SUBJECT ADDED ENTRY--TOPICAL TERM
Topical term or geographic name as entry element Urdu Literature
9 (RLIN) 140057
650 ## - SUBJECT ADDED ENTRY--TOPICAL TERM
Topical term or geographic name as entry element Urdu stories
9 (RLIN) 140058
942 ## - ADDED ENTRY ELEMENTS (KOHA)
Source of classification or shelving scheme Dewey Decimal Classification
Koha item type Urdu Bks
Classification part B-122787
Call number suffix ص دی
Holdings
Withdrawn status Lost status Source of classification or shelving scheme Damaged status Not for loan Collection code Home library Current library Date acquired Source of acquisition Cost, normal purchase price Total Checkouts Full call number Barcode Date last seen Copy number Cost, replacement price Price effective from Koha item type
    Dewey Decimal Classification     Reference Central Library Central Library 20/06/2015 Cen Lib/Ret 150.00   ک ا خ ت B-122787 20/06/2015 1 150.00 20/06/2015 Urdu Bks

© Delhi Public Library
Hit Counter
free hit counter